Law and the electoral process in Malaysia

Bibliographic Details
Main Author: SOTHI Rachagan S.
Format: Book
Published: Kuala Lumpur : University of Malaya Press , 1993
Subjects:

MARC

LEADER 00000cam a2200000 7i4500
001 0000000047
005 20000626.0
020 0 0 |a 9679940454 
090 0 0 |a 324.609595   |b SOT 1993 
100 0 0 |a SOTHI Rachagan S. 
245 1 0 |a Law and the electoral process in Malaysia   |c S. Sothi Rachagan 
260 0 0 |a Kuala Lumpur :   |b University of Malaya Press ,   |c 1993 
300 |a xxxvi, 290 p. :   |b ill. (some col.) ;   |c 25 cm. 
500 0 0 |a Bibliography [p. 269-286] and index 
650 0 0 |a Election law   |z Malaysia 
650 0 0 |a Elections   |z Malaysia 
999 |a 0000000981   |b Monograph   |c Open Shelf   |e Default branch